Relaciones públicas (Registro nro. 3060)

Detalles MARC
000 -LEADER
fixed length control field 01937 a2200205 4500
001 - CONTROL NUMBER
control field 39532
005 - DATE AND TIME OF LATEST TRANSACTION
control field 20260407155653.0
008 - FIXED-LENGTH DATA ELEMENTS--GENERAL INFORMATION
fixed length control field 260407a1960 arg spa d
003 - CONTROL NUMBER IDENTIFIER
control field AR-UNSa-BCEJYS
040 ## - CATALOGING SOURCE
Original cataloging agency AR-UNSa-BCEJYS
Language of cataloging spa
Transcribing agency AR-UNSa-BCEJYS
080 ## - UNIVERSAL DECIMAL CLASSIFICATION NUMBER
Universal Decimal Classification number 659
Common auxiliary subdivision Publicidad y propaganda. Información Relaciones públicas<br/>
100 1# - MAIN ENTRY--PERSONAL NAME
Personal name Canfield, Bertrand R.
245 10 - TITLE STATEMENT
Title Relaciones públicas
Name of part/section of a work principios, casos y problemas
264 #1 - PRODUCTION, PUBLICATION, DISTRIBUTION, MANUFACTURE, AND COPYRIGHT NOTICE
Place of production, publication, distribution, manufacture Buenos Aires :
Name of producer, publisher, distributor, manufacturer Mundi
Date of production, publication, distribution, manufacture, or copyright notice 1960
300 ## - PHYSICAL DESCRIPTION
Extent 457 p.
Dimensions 27 cm.
505 ## - FORMATTED CONTENTS NOTE
Formatted contents note Parte I. El cambio de las relaciones públicas : 1. Concepto de las relaciones públicas - 2. De la opinión pública - 3. Organización de las relaciones públicas - Parte II: Sectores de público : 4. Relaciones con el personal - 5. Relaciones con los accionistas - 6. Relaciones cn los consumidores - 7. Relaciones con la comunidad - 8. Relaciones con los distribuidores y comerciantes minoristas - 9. Relaciones con los proveedores - 10. Relaciones educacionales - 11. Relaciones con el gobierno - Parte III: Relaciones públicas de las asociaciones civiles, organizaciones de servicio social de las fuerzas armadas y de otras instituciones : 12. Relacones públicas de las organizaciones de servicio social - 13. Rlaciones de las asociaciones mercantiles y profesionales - 14. Relaciones públicas de las fuerzas armadas - Parte IV : Relaciones públicas internacionales : 15. Relaciones públicas internacionales : 15. Relaciones públicas internacionales - Parte V : Instrumentos y evaluacón de las relaciones públicas - 17. Relaciones con la prensa y divulagión informativa - 18. Publicidad de relaciones públicas - 19. Períodicos de relaciones públicas - 20. Películas de relaciones públicas - 21. Acontecimientos especiales de relaciones públicas - 22. La comunicación oral en las relaciones públicas.
590 ## - LOCAL NOTE (RLIN)
Local note niveau_biblio:m niveau_hierar:0
700 1# - ADDED ENTRY--PERSONAL NAME
Personal name Mazzone, Alfredo E.
942 ## - ADDED ENTRY ELEMENTS (KOHA)
Koha item type
Existencias
Withdrawn status Lost status Damaged status Not for loan Home library Current library Shelving location Date acquired Total checkouts Full call number Barcode Date last seen Price effective from Koha item type
        Biblioteca Prof. Eusebio Cleto del Rey Biblioteca Prof. Eusebio Cleto del Rey   07/04/2026   659 C222 L12842 07/04/2026 07/04/2026 Libro